Movies Quiz

Random Movies or Disney Quiz

Disney Villain by First Lines Quiz Stats

 Plays Quiz Updated Jan 10, 2019

Also try: Disney Villains
Challenge
Share
Tweet
Embed
Score 0/25 Timer 10:00
0 Plays Today
First Lines Spoken or Sung Disney Villain % Correct
Slave in the magic mirror, come from the farthest space. Through wind and darkness, I summon thee. Speak! Let me see thy face.Evil Queen
75.6%
Who's been painting my roses red? WHO'S been painting my roses red? Who dares to taint with vulgar paint the royal flowerbed? For painting my roses red, someone will lose his head!The Queen of Hearts
68.8%
I know. {+} It's true, Le Fou. And I've got my sights set on that one. {+} She's the one. The lucky girl I'm going to marry.Gaston
68.4%
Life's not fair, is it? You see, I, well, I shall never be king. And you shall never see the light of another day. Adieu.Scar
66.5%
Well, come in, child, come in! {+} Pick up the laundry and get on with your duties.Lady Tremaine
61.2%
How sentimental. You know, I haven't been this choked up since I got a hunk of moussaka caught in my throat. Huh?! ... So is this an audience or a mosaic?Hades
57.3%
Well, quite a glittering assemblage, King Stefan. Royalty, nobility, the gentry, and... how quaint. Even the rabble.Maleficent
52.5%
Taxes, ahaha! Taxes! Beautiful lovely taxes! {+} To coin a phrase, my dear counselor, rob the poor to feed the rich!Prince John
50.1%
Yes, hurry home, princess. We wouldn't want to miss old daddy's celebration, now would we? Ha! Celebration, indeed!Ursula
46.3%
Blast that [title character]! If I could only find his hideout, I'd trap him in his lair. But where is it?Captain Hook
39.5%
Bring these gypsy vermin to the Palace of Judgment. {+} Stolen goods, no doubt. Take them from her.Judge Claude Frollo
36.9%
You are late. {+} You have it, then? {+} Trust me, my pungent friend. You'll get what's coming to you.Jafar
36.7%
Flower gleam and glow. Let your power shine. Make the clock reverse. Bring back what once was mine, what once was mine.Mother Gothel
32.2%
First Lines Spoken or Sung Disney Villain % Correct
[unintelligible chatter] That's when I knew I was born for Africa, and Africa was created for... {+} I thought I saw something. {+} Professor, don't move!Clayton
29.5%
Trouble on deck? {+} Thank heavens he's been successfully retrieved. Well done, Smith.Governor John Ratcliffe
29%
Who could be ringing at this time? [character name]'s Pawn Shop Boutique! Snoops! Don't tell me. Let me guess, you found it! You found the diamond!Madame Medusa
25.9%
Money, Fagan. {+} Oh boy, oh boy, oh boy. I don't want your garbage, Fagan! I don't think you grasp the severity of the situation.Sykes
25.1%
Quite an ingenious scheme, eh Flaversham? And aren't you proud to be a part of it?Professor Ratigan
24.1%
Sounds like someone's sick. How lovely. I do hope it's serious. Something dreadful. Oh, bat gizzards! It's nothing but a scrawny little sparrow with a beak full of soot. Madam Mim
23.2%
And why have you come here today? {+} It is no concern of mine whether your family has... what was it again?Yzma
22.1%
Gentlemen! Enchanté! A tip of the hat from [character name]. How ya'll doin'? Dr. Facilier
17.2%
Why, Mr. Arrow, sir. Bringin' such fine lookin' distinguished gents to grace my humble galley. Had I known, I'da tucked in me shirt. Long John Silver
15%
I got a surprise for you, Chief ol' boy. Heh heh, now now, take it easy. Well, how's this for a huntin' dog?Amos Slade
14%
Ahahaha! Got one! {+} Well Joanna, what'd we get today? A dingo, a fat ol' razorback, or a nice big... boy?Percival C. McLeach
12.9%
Oh yes. Yes, my soldiers. Soon [movie title] will be mine. Its evil power will course through my veins.The Horned King
12.4%

You're not logged in!

Compare scores with friends on all Sporcle quizzes.
OR
Log In

You Might Also Like...

Show Comments

Extras

Top Quizzes Today


Score Distribution

Your Account Isn't Verified!

In order to create a playlist on Sporcle, you need to verify the email address you used during registration. Go to your Sporcle Settings to finish the process.

Report this User

Report this user for behavior that violates our Community Guidelines.

Details: